[Event "Sant Gregori Ajuntament op-A 1st"]
[Site "Sant Gregori"]
[Date "2016.07.04"]
[Round "1.20"]
[White "Coll Motje, Biel"]
[Black "Gimenez Pau, Daniel"]
[Result "0-1"]
[WhiteElo "1268"]
[BlackElo "1819"]
[PlyCount "34"]
[EventDate "2016.07.04"]
[EventType "tourn"]
[EventRounds "7"]
[EventCountry "ESP"]
[SourceTitle "EXT 2024"]
[Source "ChessBase"]
[SourceDate "2023.10.10"]
[SourceVersion "1"]
[SourceVersionDate "2023.10.10"]
[SourceQuality "1"]

1. e4 d5 2. Nc3 dxe4 3. Nxe4 e5 4. Nf3 Bg4 5. Bc4 Nf6 6. Bb5+ c6 7. Bd3 Bd6 8. h3 Bh5 9. b3 0-0 10. 0-0 Nxe4 11. Bxe4 f5 12. Bd3 Bxf3 13. gxf3 Qg5+ 14. Kh1 Qf4 15. Rb1 e4 16. fxe4 fxe4 17. Bxe4 Qh2# 0-1